L'Inde pour les touristes... - Statistiques

Statistiques générales
  • Ce quiz a été pris 31 fois
  • Le résultat moyen est 8 sur 20
Statistiques - réponses
Question Indice Réponses % Correct
Quelles sont les langues officielles ? Hindi
93%
Le suffixe internet est in
83%
Combien d'heures (environ) mettrez-vous pour vous y rendre ? (en chiffres) 8
80%
Code sur les plaques minéralogiques IND
70%
Le principal aéroport est N D New Delhi
70%
Quelles sont les langues officielles ? Anglais
67%
La religion majoritaire est Hindouïsme
63%
Quelle est la monnaie ? Roupie
63%
Achats à faire 3/ Boisson Thé
53%
Combien de langues régionales y parle-t-on ? (nombre) {22} langues régionales
33%
Dans la capitale quel est le décalage horaire avec Paris ? (+ ou - et chiffre) ex - 10 ou + 3,5 + 3,5
33%
Quel est le régime du pays ? R P République parlementaire
20%
Quelles sont les principaux lieux touristiques ? P Ville de {Pondichéry}
20%
Achats à faire 1/ Parfums et... Encens
13%
Comment se nomme la principale compagnie aérienne locale I IndiGo
13%
Quelles sont les principaux lieux touristiques ? A Temple d'or à {Amritsar}
13%
Quelles sont les principaux lieux touristiques ? M Palais de {Mysore}
7%
Achats à faire 2/ Accessoire de mode Châle
3%
Quelles sont les principaux lieux touristiques ? C Lac {Chilika}
0%
Quels sont les climats locaux ? T & S {Tempéré} & {Subtropical}
0%
Aucun quiz correspondant
Distribution des résultats
% des personnes avec chaque résultat
Percentile par nombre de réponses
Votre historique - résultats
Vous n’avez pas pris ce quiz